[Event "Midland Ch Forrest Cup"]
[Site "Derby"]
[Date "1993.03.19"]
[Round "1"]
[White "Cammack, George E"]
[Black "Ledger, Stephen C"]
[Result "0-1"]
[WhiteElo "1360"]
[BlackElo "2088"]
[PlyCount "106"]
[EventDate "1993.03.19"]
[EventType "swiss"]
[EventRounds "6"]
[EventCountry "ENG"]
[SourceTitle "BritBase"]
[Source "John Saunders"]
[SourceDate "2022.11.28"]
[SourceVersion "1"]
[SourceVersionDate "2022.08.23"]
[SourceQuality "1"]

1. d4 Nf6 2. e3 d5 3. Bd3 g6 4. c3 Bg7 5. f4 O-O 6. Nd2 Bf5 7. Be2 Ne4 8. Ngf3
c6 9. O-O Nd7 10. Qe1 f6 11. h3 e5 12. Nh2 exf4 13. exf4 Re8 14. Nxe4 Bxe4 15.
Qf2 Qb6 16. b3 Re6 17. Bb2 a5 18. Rae1 a4 19. b4 Rae8 20. Bc1 Qc7 21. Bd2 b6
22. Bg4 f5 23. Bd1 a3 24. Re2 c5 25. Bb3 cxd4 26. cxd4 Qd6 27. Rfe1 b5 28. Nf3
Bxf3 29. Rxe6 Rxe6 30. Rxe6 Qxe6 31. gxf3 Nb8 32. Kf1 Nc6 33. Qe3 Kf7 34. Qd3
Nxd4 35. Bc3 Nxb3 36. Bxg7 Kxg7 37. Qxb3 Qd6 38. Qc3+ d4 39. Qd2 d3 40. h4 Qd4
41. Qe1 Qxf4 42. Qe7+ Kh6 43. Qf8+ Kh5 44. Kf2 Qd4+ 45. Ke1 Qe3+ 46. Kf1 Qxf3+
47. Kg1 d2 48. Qd8 d1=R+ 49. Qxd1 Qxd1+ 50. Kf2 Qd3 51. Kg2 Kg4 52. Kf2 Qd2+
53. Kf1 Kf3 0-1

[Event "Midland Ch Forrest Cup"]
[Site "Derby"]
[Date "1993.03.19"]
[Round "1"]
[White "Cooper, Lawrence"]
[Black "Kitson, Peter R"]
[Result "1-0"]
[WhiteElo "2240"]
[BlackElo "2016"]
[PlyCount "111"]
[EventDate "1993.03.19"]
[EventType "swiss"]
[EventRounds "6"]
[EventCountry "ENG"]
[SourceTitle "BritBase"]
[Source "John Saunders"]
[SourceDate "2022.11.28"]
[SourceVersion "1"]
[SourceVersionDate "2022.08.23"]
[SourceQuality "1"]

1. e4 e5 2. Nf3 Nc6 3. Bc4 Nf6 4. d3 Bc5 5. c3 d6 6. O-O O-O 7. Bb3 h6 8. Nbd2
Qe7 9. Nc4 b5 10. Ne3 b4 11. d4 exd4 12. cxd4 Bb6 13. Nd5 Nxd5 14. Bxd5 Bd7 15.
Re1 Rae8 16. e5 dxe5 17. dxe5 Nd8 18. Be3 Be6 19. Rc1 Bxd5 20. Qxd5 Ne6 21. Qe4
Bxe3 22. Rxe3 Rd8 23. Qc6 Rd7 24. g3 Rfd8 25. a3 Rd3 26. Rxd3 Rxd3 27. Qa8+ Qd8
28. Qxd8+ Rxd8 29. axb4 Rb8 30. Rc4 Rb5 31. h4 Kf8 32. Kf1 a5 33. bxa5 Rxa5 34.
Ke2 Rb5 35. b4 c5 36. bxc5 Nxc5 37. Nd4 Rb2+ 38. Ke3 Nd7 39. f4 g6 40. Rc8+ Ke7
41. h5 gxh5 42. Rh8 Rb6 43. Nf5+ Ke6 44. Ng7+ Kd5 45. Rd8 Rb3+ 46. Kf2 Kc6 47.
Nxh5 Nc5 48. Nf6 Nd3+ 49. Kg2 Ne1+ 50. Kh3 Nf3 51. Rd6+ Kc5 52. Ne4+ Kc4 53.
Nd2+ Nxd2 54. Rxd2 Rb7 55. Rd6 h5 56. Kh4 1-0

[Event "Midland Ch Forrest Cup"]
[Site "Derby"]
[Date "1993.03.19"]
[Round "1"]
[White "Dutton, Ian R"]
[Black "Edwards, Simon R"]
[Result "1-0"]
[WhiteElo "2088"]
[BlackElo "1728"]
[PlyCount "81"]
[EventDate "1993.03.19"]
[EventType "swiss"]
[EventRounds "6"]
[EventCountry "ENG"]
[SourceTitle "BritBase"]
[Source "John Saunders"]
[SourceDate "2022.11.28"]
[SourceVersion "1"]
[SourceVersionDate "2022.08.23"]
[SourceQuality "1"]

1. e4 e5 2. Nf3 Nc6 3. Bb5 a6 4. Ba4 Be7 5. O-O b5 6. Bb3 Nf6 7. Re1 O-O 8. d4
d6 9. c3 Bg4 10. d5 Nb8 11. Nbd2 Nbd7 12. h3 Bh5 13. Nf1 Nc5 14. Bc2 Bg6 15.
Ng3 Nh5 16. Nf5 Bxf5 17. exf5 Nf4 18. Kh2 Nd7 19. a4 Nb6 20. axb5 axb5 21. Rxa8
Qxa8 22. Bxf4 Qxd5 23. Qxd5 Nxd5 24. Bd2 Nb6 25. Ra1 Nc4 26. Bc1 Bf6 27. b3 Nb6
28. Bg5 Bxg5 29. Nxg5 d5 30. Ra7 e4 31. Rxc7 h6 32. Nxe4 dxe4 33. Bxe4 Rb8 34.
g4 Nc8 35. Bd5 Nd6 36. Rd7 Rb6 37. Rd8+ Kh7 38. h4 g6 39. fxg6+ Kxg6 40. h5+
Kf6 41. f4 1-0

[Event "Midland Ch Forrest Cup"]
[Site "Derby"]
[Date "1993.03.19"]
[Round "1"]
[White "Eames, Robert S"]
[Black "Nixon, Rodney J"]
[Result "1-0"]
[WhiteElo "2128"]
[BlackElo "1856"]
[PlyCount "43"]
[EventDate "1993.03.19"]
[EventType "swiss"]
[EventRounds "6"]
[EventCountry "ENG"]
[SourceTitle "BritBase"]
[Source "John Saunders"]
[SourceDate "2022.11.28"]
[SourceVersion "1"]
[SourceVersionDate "2022.08.23"]
[SourceQuality "1"]

1. e4 Nc6 2. d4 e5 3. dxe5 Nxe5 4. Nf3 Ng6 5. Bc4 Bb4+ 6. c3 Bd6 7. O-O Qe7 8.
Nd4 Bc5 9. Be3 d6 10. Nf5 Bxf5 11. exf5 O-O-O 12. fxg6 Bxe3 13. gxf7 Nf6 14.
fxe3 Qxe3+ 15. Kh1 d5 16. Bd3 h5 17. Qf3 Qb6 18. Na3 Rdf8 19. Qf5+ Kb8 20. Qg6
h4 21. Rae1 Qxb2 22. Rxf6 1-0

[Event "Midland Ch Forrest Cup"]
[Site "Derby"]
[Date "1993.03.19"]
[Round "1"]
[White "Edgell, Benjamin P"]
[Black "Alcock, Michael W"]
[Result "0-1"]
[WhiteElo "1760"]
[BlackElo "2120"]
[PlyCount "66"]
[EventDate "1993.03.19"]
[EventType "swiss"]
[EventRounds "6"]
[EventCountry "ENG"]
[SourceTitle "BritBase"]
[Source "John Saunders"]
[SourceDate "2022.11.28"]
[SourceVersion "1"]
[SourceVersionDate "2022.08.23"]
[SourceQuality "1"]

1. c4 Nf6 2. Nc3 c5 3. g3 d5 4. cxd5 Nxd5 5. Bg2 Nc7 6. Nf3 Nc6 7. O-O e5 8. d3
Be7 9. Be3 Bd7 10. Rc1 Rb8 11. Nd2 O-O 12. f4 f6 13. Nd5 Nxd5 14. Bxd5+ Kh8 15.
fxe5 Bh3 16. Bg2 Bxg2 17. Kxg2 Qd5+ 18. Kg1 Nxe5 19. Qb3 Qd7 20. Nf3 Ng4 21.
Bxc5 Bxc5+ 22. Rxc5 Qe7 23. d4 Rbe8 24. Re1 Ne3 25. Rc3 Qe4 26. Rd3 f5 27. Rc1
f4 28. d5 fxg3 29. hxg3 Nf5 30. d6 Nxg3 31. d7 Nxe2+ 32. Kf2 Qh4+ 33. Kg2 Nf4+
0-1

[Event "Midland Ch Forrest Cup"]
[Site "Derby"]
[Date "1993.03.19"]
[Round "1"]
[White "Gilmore, Simon N"]
[Black "Buckley, Graeme N"]
[Result "0-1"]
[WhiteElo "2008"]
[BlackElo "2288"]
[PlyCount "56"]
[EventDate "1993.03.19"]
[EventType "swiss"]
[EventRounds "6"]
[EventCountry "ENG"]
[SourceTitle "BritBase"]
[Source "John Saunders"]
[SourceDate "2022.11.28"]
[SourceVersion "1"]
[SourceVersionDate "2022.08.23"]
[SourceQuality "1"]

1. e4 c5 2. c4 Nc6 3. Nf3 g6 4. d4 cxd4 5. Nxd4 Bg7 6. Be3 Nf6 7. Nc3 d6 8. Be2
O-O 9. O-O Bd7 10. f3 a6 11. Qd2 Rc8 12. Rac1 Nxd4 13. Bxd4 Bc6 14. b4 Nh5 15.
Nd5 Bxd4+ 16. Qxd4 e6 17. b5 Bxd5 18. cxd5 Nf4 19. Bc4 axb5 20. Bxb5 Qg5 21.
Qb2 Rxc1 22. Rxc1 Nxg2 23. Kh1 Nf4 24. dxe6 Nxe6 25. Bc4 Qf4 26. Be2 Nd4 27.
Rc3 Re8 28. Rd3 Rxe4 0-1

[Event "Midland Ch Forrest Cup"]
[Site "Derby"]
[Date "1993.03.19"]
[Round "1"]
[White "Grinsell, Lee A"]
[Black "Barnes, Michael H"]
[Result "1/2-1/2"]
[WhiteElo "2032"]
[BlackElo "2208"]
[PlyCount "63"]
[EventDate "1993.03.19"]
[EventType "swiss"]
[EventRounds "6"]
[EventCountry "ENG"]
[SourceTitle "BritBase"]
[Source "John Saunders"]
[SourceDate "2022.11.28"]
[SourceVersion "1"]
[SourceVersionDate "2022.08.23"]
[SourceQuality "1"]

1. e4 e5 2. Nf3 Nc6 3. Bc4 Nf6 4. d3 Be7 5. O-O O-O 6. Nc3 d6 7. h3 Na5 8. Bb3
a6 9. Re1 Nxb3 10. axb3 c6 11. Ne2 Ne8 12. Ng3 g6 13. Bh6 Ng7 14. Qd2 f5 15.
exf5 gxf5 16. Re2 Qe8 17. Bg5 f4 18. Bxe7 Qxe7 19. Ne4 Nf5 20. Rae1 Qg7 21.
Nxd6 Nxd6 22. Rxe5 Bf5 23. Re7 Qh6 24. Nd4 Rf6 25. Nxf5 Nxf5 26. Re8+ Rxe8 27.
Rxe8+ Kf7 28. Rb8 Nd6 29. Qa5 f3 30. Qd8 Qg7 31. Qd7+ Kg6 32. Qg4+ 1/2-1/2

[Event "Midland Ch Forrest Cup"]
[Site "Derby"]
[Date "1993.03.19"]
[Round "1"]
[White "Joseph, Stephen Mario"]
[Black "Burke, Steven J"]
[Result "1-0"]
[WhiteElo "2136"]
[BlackElo "1976"]
[PlyCount "95"]
[EventDate "1993.03.19"]
[EventType "swiss"]
[EventRounds "6"]
[EventCountry "ENG"]
[SourceTitle "BritBase"]
[Source "John Saunders"]
[SourceDate "2022.11.28"]
[SourceVersion "1"]
[SourceVersionDate "2022.08.23"]
[SourceQuality "1"]

1. d4 g6 2. Nf3 Bg7 3. Nc3 d6 4. e4 a6 5. Be3 Nd7 6. Bc4 h6 7. O-O e6 8. Ne1 b5
9. Bb3 Bb7 10. f3 Ne7 11. Qd2 Rc8 12. a4 b4 13. Ne2 c5 14. c3 c4 15. Bc2 b3 16.
Bb1 a5 17. f4 Nf6 18. Ng3 d5 19. f5 dxe4 20. fxe6 fxe6 21. Rxf6 Bxf6 22. Nxe4
Bxe4 23. Bxe4 Nf5 24. Nf3 Kf7 25. Bf4 Nd6 26. Re1 Nxe4 27. Rxe4 Qd5 28. Qe3 Qf5
29. Be5 g5 30. g4 Qg6 31. h4 Rhe8 32. h5 Qg7 33. Qf2 Kg8 34. Bg3 Qf7 35. Re3
Bd8 36. Qe2 Bc7 37. Bxc7 Rxc7 38. d5 Qf4 39. Nd4 Qd6 40. dxe6 Qb6 41. e7 Qb7
42. Nf5 Rc6 43. Qf3 Qd7 44. Re5 Re6 45. Nxh6+ Kh8 46. Qf8+ Rxf8 47. exf8=Q+ Kh7
48. Qg8+ 1-0

[Event "Midland Ch Forrest Cup"]
[Site "Derby"]
[Date "1993.03.19"]
[Round "1"]
[White "Ledger, Andrew J"]
[Black "Sagall, Roy"]
[Result "1-0"]
[WhiteElo "2328"]
[BlackElo "2040"]
[PlyCount "77"]
[EventDate "1993.03.19"]
[EventType "swiss"]
[EventRounds "6"]
[EventCountry "ENG"]
[SourceTitle "BritBase"]
[Source "John Saunders"]
[SourceDate "2022.11.28"]
[SourceVersion "1"]
[SourceVersionDate "2022.08.23"]
[SourceQuality "1"]

1. c4 e6 2. Nf3 f5 3. g3 Nf6 4. Bg2 Be7 5. O-O O-O 6. b3 d6 7. d4 Ne4 8. Bb2 a5
9. Ne1 Nd7 10. Qc2 Ndf6 11. f3 Ng5 12. Nd2 Qe8 13. f4 Nf7 14. e4 fxe4 15. Nxe4
Nh6 16. Nf3 Nf5 17. Rfe1 h6 18. d5 Nxe4 19. Qxe4 exd5 20. Qxd5+ Qf7 21. g4 Qxd5
22. cxd5 Bd8 23. gxf5 Bxf5 24. Nd4 Bh4 25. Rec1 Bd8 26. Nxf5 Rxf5 27. Rf1 a4
28. Bh3 Rh5 29. Be6+ Kf8 30. b4 a3 31. Bc3 c6 32. f5 Rh3 33. Rac1 Rd3 34. f6 g6
35. Kg2 Bb6 36. Rf3 Rxf3 37. Kxf3 c5 38. Bd2 g5 39. h4 1-0

[Event "Midland Ch Forrest Cup"]
[Site "Derby"]
[Date "1993.03.19"]
[Round "1"]
[White "Ledger, Dave J"]
[Black "Armstrong, Malcolm J"]
[Result "1-0"]
[WhiteElo "2168"]
[BlackElo "2000"]
[PlyCount "79"]
[EventDate "1993.03.19"]
[EventType "swiss"]
[EventRounds "6"]
[EventCountry "ENG"]
[SourceTitle "BritBase"]
[Source "John Saunders"]
[SourceDate "2022.11.28"]
[SourceVersion "1"]
[SourceVersionDate "2022.08.23"]
[SourceQuality "1"]

1. Nf3 d6 2. g3 e5 3. Bg2 f5 4. d3 Nf6 5. O-O g6 6. c4 Bg7 7. Nc3 O-O 8. Rb1 a5
9. a3 Nc6 10. b4 axb4 11. axb4 Ne7 12. Qb3 Kh8 13. Bd2 h6 14. Ra1 Rb8 15. Ra7
g5 16. b5 Ng6 17. Rc1 f4 18. Nd5 e4 19. dxe4 Nxe4 20. Ba5 Rf7 21. Qc2 Bf5 22.
g4 Bxg4 23. Bxc7 Qe8 24. Bxb8 Qxb8 25. Qa2 Rf8 26. b6 Bf5 27. Rd1 Nc5 28. Nd4
Bd7 29. Nc7 Qd8 30. Nb3 Nxb3 31. Qxb3 Qe7 32. Qa2 f3 33. Bxf3 Rxf3 34. exf3 Nh4
35. Ra8+ Kh7 36. Ra3 Be5 37. Nd5 Qf7 38. Qe2 Qf5 39. Qe4 ({The bulletin gives
the incomprehensible} 39. Nf4 {but someone has written the text move in
manuscript, with a query beside it}) 39... Nxf3+ 40. Qxf3 1-0

[Event "Midland Ch Forrest Cup"]
[Site "Derby"]
[Date "1993.03.19"]
[Round "1"]
[White "Molyneux, John"]
[Black "Hebden, Mark L"]
[Result "0-1"]
[WhiteElo "2072"]
[BlackElo "2536"]
[PlyCount "35"]
[EventDate "1993.03.19"]
[EventType "swiss"]
[EventRounds "6"]
[EventCountry "ENG"]
[SourceTitle "BritBase"]
[Source "John Saunders"]
[SourceDate "2022.11.28"]
[SourceVersion "1"]
[SourceVersionDate "2022.08.23"]
[SourceQuality "1"]

1. f4 d5 2. b3 e5 3. fxe5 Nc6 4. Nf3 g5 5. h3 Bg7 6. d4 g4 7. hxg4 Bxg4 8. Bf4
f6 9. Qd3 fxe5 10. Nxe5 Nxe5 11. dxe5 Qd7 12. Nc3 O-O-O 13. e4 Ne7 14. Be2 Ng6
15. Qg3 Bxe2 16. Nxe2 Nxf4 17. Qxf4 Rhf8 18. Qd2 {"went on much longer" 
(written in manuscript in the bulletin)} 0-1

[Event "Midland Ch Forrest Cup"]
[Site "Derby"]
[Date "1993.03.19"]
[Round "1"]
[White "Neil, David R"]
[Black "Arkell, Keith C"]
[Result "1-0"]
[WhiteElo "2040"]
[BlackElo "2488"]
[PlyCount "119"]
[EventDate "1993.03.19"]
[EventType "swiss"]
[EventRounds "6"]
[EventCountry "ENG"]
[SourceTitle "BritBase"]
[Source "John Saunders"]
[SourceDate "2022.11.28"]
[SourceVersion "1"]
[SourceVersionDate "2022.08.23"]
[SourceQuality "1"]

1. e4 g6 2. d4 Bg7 3. Be2 c5 4. Nf3 cxd4 5. Nxd4 Nc6 6. Nxc6 bxc6 7. O-O d6 8.
c3 Nf6 9. Qa4 Bd7 10. Be3 Qb8 11. Nd2 O-O 12. Rab1 d5 13. Bc5 Re8 14. Bf3 Qf4
15. Rbd1 Ng4 16. g3 Qh6 17. h4 Rad8 18. Kg2 e5 19. Qxa7 Be6 20. Qa6 Ra8 21. Qe2
f5 22. Bxg4 fxg4 23. Ra1 Reb8 24. b3 d4 25. Nc4 g5 26. Rh1 gxh4 27. Rxh4 Qg6
28. Bd6 Rxb3 29. axb3 Rxa1 30. Nxe5 Qg5 31. cxd4 Qc1 32. Nxg4 Qg1+ 33. Kf3 Bxb3
34. Ne3 Ra2 35. Qf1 Qxf1 36. Nxf1 Bxd4 37. Ne3 c5 38. Rf4 Bf7 39. Rf5 c4 40.
Rg5+ Bg6 41. Rd5 Ba7 42. Bc5 Bxc5 43. Rxc5 Bf7 44. Nxc4 Be6 45. Ne3 Kg7 46. Rc2
Ra7 47. Kf4 Kf6 48. Rc3 h5 49. Rc5 Ra2 50. f3 Rh2 51. Nf5 Bb3 52. Nh4 Bf7 53.
Rc6+ Ke7 54. Nf5+ Kd7 55. Rd6+ Kc7 56. Rh6 Kd8 57. g4 Rh3 58. Rh8+ Kd7 59. Rh7
Ke6 60. Ng7+ 1-0

[Event "Midland Ch Forrest Cup"]
[Site "Derby"]
[Date "1993.03.20"]
[Round "2"]
[White "Alcock, Michael W"]
[Black "Ledger, Dave J"]
[Result "1-0"]
[WhiteElo "2120"]
[BlackElo "2168"]
[PlyCount "129"]
[EventDate "1993.03.19"]
[EventType "swiss"]
[EventRounds "6"]
[EventCountry "ENG"]
[SourceTitle "BritBase"]
[Source "John Saunders"]
[SourceDate "2022.11.28"]
[SourceVersion "1"]
[SourceVersionDate "2022.08.23"]
[SourceQuality "1"]

1. e4 e5 2. f4 exf4 3. Nf3 d6 4. Bc4 h6 5. d3 g5 6. g3 Nc6 7. c3 Ne5 8. Nxe5
dxe5 9. Qb3 Qf6 10. Nd2 c6 11. a4 Bc5 12. gxf4 Qxf4 13. Rf1 Qe3+ 14. Kd1 Bg4+
15. Kc2 O-O-O 16. Rxf7 Ne7 17. Be6+ Bxe6 18. Qxe6+ Rd7 19. Rf3 Qg1 20. Qxe5
Rhd8 21. Rf1 Qe3 22. Rf3 Qg1 23. Qg3 Qxg3 24. Rxg3 Bd6 25. Rh3 g4 26. Rh5 Bf4
27. d4 Ng8 28. e5 Rf7 29. Ne4 Bxc1 30. Rxc1 Rf4 31. Nd6+ Kc7 32. Rg1 Rdf8 33.
h3 c5 34. Rxg4 cxd4 35. Rxf4 Rxf4 36. cxd4 Kc6 37. Kc3 Kd5 38. Rf5 Rh4 39. Rf3
Rxd4 40. b3 Rh4 41. Re3 Ne7 42. Nxb7 Kc6 43. Nd8+ Kd5 44. e6 Kd6 45. Nf7+ Kc5
46. b4+ Kc6 47. b5+ Kb6 48. Kb3 Kc5 49. Nd8 Kd6 50. Nc6 Rf4 51. Nxe7 Kxe7 52.
a5 Rd4 53. Rg3 Kxe6 54. Rg6+ Kd5 55. Rxh6 Rd3+ 56. Kc2 Ra3 57. b6 axb6 58. axb6
Ra8 59. b7 Rb8 60. Rb6 Kc5 61. Rb1 Kd5 62. h4 Ke5 63. Kc3 Kf5 64. Kc4 Kg4 65.
Kc5 1-0

[Event "Midland Ch Forrest Cup"]
[Site "Derby"]
[Date "1993.03.20"]
[Round "2"]
[White "Archer-Lock, Christopher J"]
[Black "Ledger, Andrew J"]
[Result "0-1"]
[WhiteElo "2000"]
[BlackElo "2328"]
[PlyCount "84"]
[EventDate "1993.03.19"]
[EventType "swiss"]
[EventRounds "6"]
[EventCountry "ENG"]
[SourceTitle "BritBase"]
[Source "John Saunders"]
[SourceDate "2022.11.28"]
[SourceVersion "1"]
[SourceVersionDate "2022.08.23"]
[SourceQuality "1"]

1. e4 e6 2. d4 d5 3. Nc3 dxe4 4. Nxe4 Bd7 5. Nf3 Bc6 6. Bd3 Nd7 7. Bg5 Be7 8.
Bxe7 Qxe7 9. O-O Ngf6 10. Qe2 O-O 11. Nxf6+ Nxf6 12. Ne5 Qd6 13. Rfd1 Rfd8 14.
c3 b6 15. Nxc6 Qxc6 16. Ba6 Rab8 17. a4 Rd5 18. Rd3 Rbd8 19. Bb5 Qd6 20. Rh3 h6
21. b4 Rg5 22. Qf3 c5 23. dxc5 bxc5 24. bxc5 Rxc5 25. Rg3 e5 26. h3 e4 27. Qe3
Nh5 28. Rg4 f5 29. Rg6 Qxg6 30. Qxc5 Nf4 31. Bf1 Nxh3+ 32. Kh2 Ng5 33. Qxa7
Qh5+ 34. Kg1 Qg4 35. Bc4+ Kh7 36. Qc7 Rf8 37. Qg3 Qh5 38. Qf4 Rf6 39. Qh2 Qg6
40. Kf1 f4 41. a5 e3 42. f3 Qc2 0-1

[Event "Midland Ch Forrest Cup"]
[Site "Derby"]
[Date "1993.03.20"]
[Round "2"]
[White "Arkell, Keith C"]
[Black "Armstrong, Malcolm J"]
[Result "1-0"]
[WhiteElo "2488"]
[BlackElo "2000"]
[PlyCount "75"]
[EventDate "1993.03.19"]
[EventType "swiss"]
[EventRounds "6"]
[EventCountry "ENG"]
[SourceTitle "BritBase"]
[Source "John Saunders"]
[SourceDate "2022.11.28"]
[SourceVersion "1"]
[SourceVersionDate "2022.08.23"]
[SourceQuality "1"]

1. d4 d5 2. c4 e6 3. Nc3 Nf6 4. Bg5 Be7 5. e3 O-O 6. Nf3 h6 7. Bxf6 Bxf6 8.
cxd5 exd5 9. b4 a5 10. b5 Re8 11. Be2 Qd6 12. O-O Nd7 13. Rc1 b6 14. Qb3 Bb7
15. Ne1 g6 16. Bf3 a4 17. Nxa4 Nf8 18. Nd3 Ra5 19. Nc3 Rd8 20. Nb4 Be7 21. Bxd5
Qxb4 22. Qxb4 Bxb4 23. Bxb7 Ne6 24. Nd5 Bd6 25. Nc3 Bb4 26. Bd5 Rd7 27. Bxe6
fxe6 28. Ne4 Be7 29. Rc6 Kf7 30. Nc3 Bb4 31. Rc1 Bxc3 32. R6xc3 Rxa2 33. Rxc7
Rxc7 34. Rxc7+ Kf6 35. g4 Rb2 36. h4 h5 37. g5+ Kf5 38. f3 1-0

[Event "Midland Ch Forrest Cup"]
[Site "Derby"]
[Date "1993.03.20"]
[Round "2"]
[White "Brown, Anthony J"]
[Black "Rutter, Nicholas J"]
[Result "1/2-1/2"]
[WhiteElo "2032"]
[BlackElo "2040"]
[PlyCount "44"]
[EventDate "1993.03.19"]
[EventType "swiss"]
[EventRounds "6"]
[EventCountry "ENG"]
[SourceTitle "BritBase"]
[Source "John Saunders"]
[SourceDate "2022.11.28"]
[SourceVersion "1"]
[SourceVersionDate "2022.08.23"]
[SourceQuality "1"]

1. e4 d5 2. e5 Bf5 3. f4 h5 4. d3 e6 5. Nf3 Nd7 6. a4 c5 7. c3 Nh6 8. Na3 h4 9.
Be2 Be7 10. O-O Bg4 11. Nc2 Qc7 12. Ne3 Bxf3 13. Bxf3 Rd8 14. Bd2 g6 15. b4
cxb4 16. cxb4 Qb6 17. Kh1 Nf5 18. a5 Qb5 19. Nxf5 gxf5 20. d4 Qc4 21. Qe2 Qxe2
22. Bxe2 Rc8 1/2-1/2

[Event "Midland Ch Forrest Cup"]
[Site "Derby"]
[Date "1993.03.20"]
[Round "2"]
[White "Buckley, Graeme N"]
[Black "Neil, David R"]
[Result "1-0"]
[WhiteElo "2288"]
[BlackElo "2040"]
[PlyCount "151"]
[EventDate "1993.03.19"]
[EventType "swiss"]
[EventRounds "6"]
[EventCountry "ENG"]
[SourceTitle "BritBase"]
[Source "John Saunders"]
[SourceDate "2022.11.28"]
[SourceVersion "1"]
[SourceVersionDate "2022.08.23"]
[SourceQuality "1"]

1. d4 Nf6 2. c4 e5 3. dxe5 Ng4 4. Bf4 Nc6 5. Nf3 Bb4+ 6. Nbd2 Qe7 7. e3 Ngxe5
8. Nxe5 Nxe5 9. a3 Bxd2+ 10. Qxd2 O-O 11. Rc1 d6 12. c5 dxc5 13. Qd5 Ng6 14.
Bg3 c6 15. Qxc5 Qxc5 16. Rxc5 Be6 17. Bd3 Rfd8 18. Ke2 Rd7 19. Rd1 Rad8 20. Bc2
f6 21. Rxd7 Rxd7 22. f3 Ne7 23. e4 Kf7 24. Ke3 h6 25. Rc3 Nc8 26. Rd3 Rxd3+ 27.
Kxd3 Nb6 28. b3 Nd7 29. Kc3 Ke7 30. Bf2 b6 31. Bd3 Kd6 32. a4 a5 33. Bg3+ Ne5
34. Be2 Bf7 35. Bf2 Nd7 36. Bg3+ Ne5 37. h4 Bg8 38. Bh2 Bf7 39. Bf4 Bg8 40. h5
Bf7 41. g4 Be6 42. Bc1 Nd7 43. Bf4+ Ne5 44. Bg3 Bf7 45. Bd1 Bg8 46. f4 Nd7 47.
b4 axb4+ 48. Kxb4 Ba2 49. Bc2 Bf7 50. Bf2 Be6 51. Bd1 Ba2 52. Bf3 Bb1 53. Kc3
Ba2 54. Be3 Be6 55. Bc1 Bf7 56. Bd1 Be6 57. Ba3+ c5 58. Bc1 Bf7 59. Bb3 Be8 60.
Kd3 Nb8 61. Bb2 Nc6 62. Ke3 Na5 63. e5+ Ke7 64. exf6+ gxf6 65. Bd5 Bxa4 66. f5
Nc6 67. g5 fxg5 68. Bg7 Kd6 69. f6 Ne5 70. f7 Nd7 71. Ba2 Ke7 72. Bxh6 Bd1 73.
Bxg5+ Kf8 74. h6 Bh5 75. Be6 Ne5 76. Bf6 1-0

[Event "Midland Ch Forrest Cup"]
[Site "Derby"]
[Date "1993.03.20"]
[Round "2"]
[White "Burke, Steven J"]
[Black "Edwards, Simon R"]
[Result "1-0"]
[WhiteElo "1976"]
[BlackElo "1728"]
[PlyCount "93"]
[EventDate "1993.03.19"]
[EventType "swiss"]
[EventRounds "6"]
[EventCountry "ENG"]
[SourceTitle "BritBase"]
[Source "John Saunders"]
[SourceDate "2022.11.28"]
[SourceVersion "1"]
[SourceVersionDate "2022.08.23"]
[SourceQuality "1"]

1. b3 e5 2. Bb2 d6 3. g3 Nc6 4. Bg2 Bd7 5. c4 Nf6 6. Nc3 g6 7. e3 Bg7 8. Nge2
O-O 9. O-O Re8 10. d3 Rb8 11. a3 Bf5 12. b4 Qc8 13. Nd5 Ne7 14. Nxf6+ Bxf6 15.
e4 Be6 16. Qc1 Bg7 17. f4 c5 18. b5 Bg4 19. Rf2 Rd8 20. Kh1 Bh6 21. Ng1 Bg7 22.
h3 Be6 23. Qc3 f5 24. Kh2 Qc7 25. Nf3 Nc8 26. Ng5 Re8 27. Nxe6 Rxe6 28. exf5
gxf5 29. Bd5 Qd7 30. fxe5 Bxe5 31. Qe1 Ne7 32. Bxe6+ Qxe6 33. d4 cxd4 34. Bxd4
Ng6 35. Bxe5 Nxe5 36. Qf1 Qh6 37. Kg2 Rc8 38. Rf4 Kh8 39. Ra2 Qe6 40. Rc2 d5
41. Rxf5 Nxc4 42. Qa1+ Kg8 43. Rg5+ Kf7 44. Rf2+ Ke7 45. Qd4 Ne3+ 46. Kh2 Rc1
47. Re5 1-0

[Event "Midland Ch Forrest Cup"]
[Site "Derby"]
[Date "1993.03.20"]
[Round "2"]
[White "Cohen, Aron J"]
[Black "Flear, Glenn C"]
[Result "0-1"]
[WhiteElo "2128"]
[BlackElo "2504"]
[PlyCount "50"]
[EventDate "1993.03.19"]
[EventType "swiss"]
[EventRounds "6"]
[EventCountry "ENG"]
[SourceTitle "BritBase"]
[Source "John Saunders"]
[SourceDate "2022.11.28"]
[SourceVersion "1"]
[SourceVersionDate "2022.08.23"]
[SourceQuality "1"]

1. e4 d5 2. exd5 Qxd5 3. Nc3 Qa5 4. d4 Nf6 5. Nf3 Nc6 6. Bd3 Bg4 7. Bd2 O-O-O
8. Nb5 Qb6 9. a4 Nxd4 10. Be3 e5 11. c3 Nxf3+ 12. gxf3 Bc5 13. a5 (13. fxg4
Bxe3 14. fxe3 Qxe3+ $19) 13... Qc6 14. Bxc5 Qxc5 15. a6 Qxb5 16. Bxb5 Rxd1+ 17.
Rxd1 Bxf3 18. O-O Bxd1 19. Rxd1 Rf8 20. Kg2 c6 21. Bc4 b5 22. Bb3 Kc7 23. Kf3
Nd7 24. Kg4 f5+ 25. Kg5 Nc5 0-1

[Event "Midland Ch Forrest Cup"]
[Site "Derby"]
[Date "1993.03.20"]
[Round "2"]
[White "Duncan, Christopher R"]
[Black "Joseph, Stephen Mario"]
[Result "0-1"]
[WhiteElo "2264"]
[BlackElo "2136"]
[PlyCount "78"]
[EventDate "1993.03.19"]
[EventType "swiss"]
[EventRounds "6"]
[EventCountry "ENG"]
[SourceTitle "BritBase"]
[Source "John Saunders"]
[SourceDate "2022.11.28"]
[SourceVersion "1"]
[SourceVersionDate "2022.08.23"]
[SourceQuality "1"]

1. e4 c5 2. Nc3 a6 3. g3 b5 4. Bg2 Bb7 5. d3 e6 6. Nh3 Nf6 7. O-O b4 8. Ne2 d5
9. e5 Nfd7 10. f4 g6 11. c3 a5 12. d4 Nc6 13. f5 gxf5 14. g4 cxd4 15. cxd4 Qb6
16. gxf5 O-O-O 17. Kh1 Ba6 18. Nhf4 Re8 19. Bh3 Nd8 20. Rf3 Bb7 21. Qf1 Bg7 22.
Be3 Qb5 23. Nh5 Rhg8 24. Nxg7 Rxg7 25. Nf4 Qb6 26. Nh5 Rgg8 27. fxe6 fxe6 28.
Nf6 Nxf6 29. Rxf6 Ba6 30. Qd1 Re7 31. Qd2 Kb8 32. Rg1 Rxg1+ 33. Kxg1 Rg7+ 34.
Kf2 Qb5 35. Rf8 Kc7 36. Qd1 Qd7 37. Qf3 Qa4 38. Qf4 Qd1 39. Qf3 Qg1# 0-1